00678 2200181 4500245004700000020002200047250001100069100001300080700001900093650001600112005001900128260003000147041001400177084000800191300002300199500026500222336000900487 aPlease God ! Aku Ingin DiacDIVAmatehText a978-602-255-564-3 aCet. 1 aDIVAmate aAH. Zain Malik aNovel Fiksi a20231004112116 aYogyakartabPing!!!c2014 aIndonesia a813 a260 hlm. :c19 cm. aBagiku, orang kalau suka kopi itu berarti dia bisa diajak hidup hitam,tidak minta selalu terang. Ada pahitnya dan ada rasa manis yang sesekali rasa pahit menyeruak tajam kepada rasa manisnya. Jadi, aku suka orang yang tidak terlalu mengejar gemerlapnya langit. atext